FILOSOFIA Y ETICA EN MAURICE BLONDEL /

INCLUYE BIBLIOGRAFIA

Guardado en:
Bibliografiske detaljer
Hovedforfatter: Arrieta Heras, María Begoña (autor)
Format: Bog
Serier:FILOSOFIA ; 21
Fag:
Tags: Tilføj Tag
Ingen Tags, Vær først til at tagge denne postø!

MARC

LEADER 00000nam^a2200000^a^4500
001 000245888
005 20250521000000.0
009 20260310105516.704
020 |a 84-7485-304-4 
035 |a 069745 
037 |a Acervo Xavier Clavigero 
082 |a 141.  |b ARR 
100 |a Arrieta Heras, María Begoña  |e (autor) 
245 1 0 |a FILOSOFIA Y ETICA EN MAURICE BLONDEL /  |c BEGOÑA ARRIETA HERAS 
264 |a BILBAO :  |b UNIVERSIDAD DE DEUSTO,  |c 1993 
300 |a 224 p. 
336 |a texto  |b txt  |2 rdacontenido 
337 |a sin mediación  |b n  |2 rdamedio 
338 |a volumen  |b nc  |2 rdasoporte 
440 |a FILOSOFIA ;  |v 21 
520 |a INCLUYE BIBLIOGRAFIA 
649 |a XX 
650 |a Blondel, Maurice 
650 |a Espiritualismo 
650 |a Etica 
910 |a Fondo General 
920 |a Impresos - Libros 
930 |a Colección General 
905 |a 101 
901 |a 069745  |b IT1  |c ACC  |i 069745  |u 20250521 
902 |a https://opac.biblio.iteso.mx/vufind/Record/000245888